x100pre - Bad Bunny - Estadísticas

Estadísticas generales
  • Esta prueba ha sido intentada 35 veces
  • La puntuación promedio es 11 de 15
Estadísticas de respuestas
Hint Respuesta % Correcto
ft. Drake MIA
100%
ft. Diplo 200 Mph
88%
ft. El Alpha La Romana
88%
NI BIEN NI MAL
88%
Otra Noche en Miami
88%
Si Estuviésemos Juntos
83%
RLNDT
79%
Caro
75%
Cuando Perriabas
71%
Estamos Bien
67%
Solo de Mi
63%
Como Antes
54%
Ser Bichote
50%
¿Quién Tu Eres?
46%
Tenemos Que Hablar
46%
No se encontraron pruebas coincidentes
Distribución de puntuación
Porcentaje de gente con cada puntuación
Porcentaje por número respondido
Historial de tus puntuaciones
No has intentado esta prueba.